00637nam a2200193Ia 4500008004100000020000700041082001500048100002700063245006100090250000700151260005600158300002400214500000700238600002000245650002000265942000700285952013600292999001500428240925s9999 xx 000 0 und d aNA a371.89 MIN aMinistry of Education 0aReport of the Commission on Student Problems and Welfare aNA aKarachi:bInformation & Archives Departmentc,1966. a548p.bNAfOriginal aNA aSocial Sciences aSocial Sciences cBK 001040708SSaUITUbUITUd2001-08-21eFederal Publication Branchg3.50l0o371.89 MINpQ3812r2024-09-25 07:13:17w2024-09-25yBK c6311d6311